International Business (Record no. 108200)

MARC details
000 -LEADER
fixed length control field 00372nam a2200121Ia 4500
008 - FIXED-LENGTH DATA ELEMENTS--GENERAL INFORMATION
fixed length control field 211119s9999||||xx |||||||||||||| ||und||
082 ## - DEWEY DECIMAL CLASSIFICATION NUMBER
Classification number 332.673
Item number HIL-I
100 ## - MAIN ENTRY--PERSONAL NAME
Personal name Hill, Charles W L
245 #0 - TITLE STATEMENT
Title International Business
260 ## - PUBLICATION, DISTRIBUTION, ETC.
Name of publisher, distributor, etc. Tata Macgraw-Hill
Place of publication, distribution, etc. New Delhi
Date of publication, distribution, etc. 2004
650 ## - SUBJECT ADDED ENTRY--TOPICAL TERM
Topical term or geographic name entry element Social SciencesFinancial Management
942 ## - ADDED ENTRY ELEMENTS (KOHA)
Koha item type BOOK
650 ## - SUBJECT ADDED ENTRY--TOPICAL TERM
Form subdivision EconomicsManagement
General subdivision MBA LIBRARY
Holdings
Withdrawn status Lost status Source of classification or shelving scheme Damaged status Not for loan Home library Current library Date acquired Cost, normal purchase price Total Checkouts Full call number Barcode Shelving location Date last seen Date last checked out Price effective from Koha item type
    Dewey Decimal Classification     SB LIBRARY SB LIBRARY 19/11/2021 450.00 3 658.18 HIL-I 00121620 MBA LIBRARY 05/01/2023 05/12/2022 19/11/2021 BOOK

Powered by Koha